Countries Avril Lavigne has Visited - Statistics

General Stats
  • This quiz has been taken 44 times
    19 since last reset
  • The average score is 36 of 47
Answer Stats
Continent Country % Correct
Europe Spain
100%
Asia China
92%
Europe Denmark
92%
Europe Finland
92%
Europe Germany
92%
Asia Japan
92%
Europe Poland
92%
Asia/ Europe Russia
92%
Europe Sweden
92%
Europe United Kingdom
92%
North America United States of America
92%
South America Argentina
85%
Oceania Australia
85%
South America Brazil
85%
North America Canada
85%
Europe France
85%
Europe Greece
85%
Europe Italy
85%
North America Mexico
85%
Europe Netherlands
85%
Europe Belgium
77%
Europe Estonia
77%
Asia Indonesia
77%
Europe Latvia
77%
Asia Malaysia
77%
Africa South Africa
77%
Asia South Korea
77%
Asia/ Europe Turkey
77%
Europe Austria
69%
South America Chile
69%
Europe Croatia
69%
Europe Czech Republic
69%
Europe Ireland
69%
Europe Lithuania
69%
Europe Luxembourg
69%
South America Peru
69%
Asia Philippines
69%
Europe Slovakia
69%
Europe Switzerland
69%
Asia Thailand
69%
Europe Hungary
62%
Asia Singapore
62%
Asia United Arab Emirates
62%
South America Venezuela
62%
North America Bahamas
54%
Europe Monaco
54%
Asia Taiwan
54%
No matching quizzes found
Score Distribution
Percent of People with Each Score
Percentile by Number Answered
Your Score History
You have not taken this quiz since the last reset